Liste Personnages My Little Pony - Statistiques

Statistiques générales
  • Ce quiz a été pris 27 fois
  • Le résultat moyen est 10 sur 47
Statistiques - réponses
Hint Réponse % Correct
Papillons rose Fluttershy
88%
Ballons bleu et jaune Pinkie Pie
83%
Arc en ciel Rainbow Dash
83%
Diamants bleu Rarity
83%
Pommes rouge Applejack
79%
Soleil Princesse Celestia
50%
Écusson avec une pomme Apple Bloom
46%
Lune Luna
46%
Pomme verte Big McIntosh
38%
Tarte au pommes Granny Smith
33%
Diamant en cœur Princesse Cadance
33%
Écusson avecune aile Scootaloo
33%
Baguette Magique Trixie
33%
Sandwich Cheese Sandwich
29%
Bulles Derpy
25%
Diadème Diamond Tiara
25%
Écusson avec une note de musique Sweetie Belle
25%
Bonbon Bonbon
17%
Cailloux Maud Pie
17%
Cupcake Mme Cup Cake
17%
Note de musique DJ Pon-3
13%
Donut Joe
13%
Orange Oncle Orange et TanteOrange
13%
Cuillère Silver Spoon
13%
Escargot Snails
13%
Ciseaux Snips
13%
Ciseaux de coiffure Babs Seed
8%
Haltères Bulk Biceps
8%
Fleurs rose Cheerilee
8%
Lyre Lyra Heartstrings
8%
Lotus Poney de Spa
8%
Pomme rouge Braeburn
4%
Cerise Cherry Jubilee
4%
Ensemble de notes de musique Coloratura
4%
Écusson bleu avec uneclair Flash Sentry
4%
Lys Lily Valley
4%
Clé de Sol Octavia Melody
4%
Raisin et fraise Berryshine
0%
Fer à cheval Caramel
0%
Chapeau violet Coco Pommel
0%
Pommier Goldie Delicious
0%
Cœurs vert et bleu Lemon Hearts
0%
Sablier Minuette
0%
Coupe Mlle Harshwhinny
0%
Boutons Suri Polomare
0%
Morceau de tissu orange Trenderhoof
0%
Sucre d’orge Twist
0%
Aucun quiz correspondant
Distribution des résultats
% des personnes avec chaque résultat
Percentile par nombre de réponses
Votre historique - résultats
Vous n’avez pas pris ce quiz